000 00504nam a2200169 i 4500
001 135554
003 ES-MaACL
005 20230906194914.0
007 t|
008 070719s1968 mx ||||1| spa d
100 1 _aTorres H., Marco Aurelio.
_9110970
245 1 0 _aConcreto
_b: Diseño plástico, teoría elástica /
_cMarco Aurelio Torres H.
250 _a2ª ed. corr. y aum.
260 _aMéxico :
_bPatria,
_c1968.
300 _a330 p. :
_bil. ;
_c24 cm.
852 _aES-MaACL
_jE-9410
_bR.93772
999 _c135554
_d135554